000 00537nam a2200205Ia 4500
003 IN-BaIIA
008 211028s9999 xx 000 0 eng d
020 _a0-8448-0359-6
040 _cIIA Library
080 _a535.8
_bHOR
100 _aHorne, D. F
_97238
245 0 _aDividing, ruling and mask-making
_cD. F. Horne
260 _aLondon
_bAdam Hilger
_c1974
300 _a315p.
650 _aAstronomy and astrophysics thesaurus
650 _aMask-Making
_98568
650 _aOptical instruments
650 _aOptics
942 _cBK
999 _c4813
_d4813